书目信息 |
| 题名: |
《帝国主义是资本主义的最高阶段》浅说
|
|
| 作者: | ;《<帝国主义是资本主义的最高阶段>浅说》编写组 编 | |
| 分册: | ||
| 出版信息: | 上海 上海人民出版社 1974 |
|
| 页数: | 179页 | |
| 开本: | 19cm | |
| 丛书名: | ||
| 单 册: | ||
| 中图分类: | A821.24 | |
| 科图分类: | ||
| 主题词: | 列宁著作研究-帝国主义是资本主义的最高阶段 , 帝国主义--研究 | |
| 电子资源: | ||
| ISBN: | ||
| 000 | 01029nam0 2200265 45 | |
| 001 | 0176000294 | |
| 005 | 20060705154226.20 | |
| 010 | @dCNY0.31 | |
| 100 | @a19950628d1974 em y0chiy0121 ea | |
| 101 | 0 | @achi |
| 102 | @aCN@b110000 | |
| 102 | @aCN@b310000 | |
| 102 | @aCN@b310000 | |
| 105 | @ay z 000yy | |
| 200 | 12 |
@a《帝国主义是资本主义的最高阶段》浅说@Adi guo zhu yi shi zi ben zhu yi de zui gao jie duan jian jie he zhu shi@f《<帝国主义是资本主义的最高阶段>浅说》编写组编@F《 |
| 210 | @a上海@c上海人民出版社@d1974 | |
| 215 | @a179页@d19cm | |
| 605 | @a帝国主义是资本主义的最高阶段@x列宁著作研究 | |
| 606 | @a列宁著作研究-帝国主义是资本主义的最高阶段 | |
| 606 | @a帝国主义@x研究 | |
| 690 | @aA821.24@v3 | |
| 711 | 0 |
@a《<帝国主义是资本主义的最高阶段>浅说》编写组@A《 |
| 801 | 2 | @aCN@bNLC@c20060705 |
| 801 | 0 | @aCN@bTSSF |
| 905 | @a10447@dA821.24@e24 | |
| 《帝国主义是资本主义的最高阶段》浅说/《<帝国主义是资本主义的最高阶段>浅说》编写组编.-上海:上海人民出版社,1974 |
| 179页;19cm |
| ISBN :CNY0.31 |
| ● |
| 相关链接 |
|
|
|
|
正题名:《帝国主义是资本主义的最高阶段》浅说
索取号:A821.24/24
 
预约/预借
| 序号 | 登录号 | 条形码 | 馆藏地/架位号 | 状态 | 备注 |
| 1 | 0421532 | 204215321 | 密集书库/ [索取号:A821.24/24] | 在馆 |